| 000 | 00434nam a2200169Ia 4500 | ||
|---|---|---|---|
| 008 | 230711s9999||||xx |||||||||||||| ||und|| | ||
| 020 | _a978-81-239-2873-9 | ||
| 041 | _aENG | ||
| 082 |
_a612 _bCH-H |
||
| 100 | _aChatterjee,Chandi Charan | ||
| 245 | 0 | _aHuman physiology Volume-II | |
| 250 | _a11th Ed. | ||
| 260 |
_c1985 _aNew Delhi _bCBS Publishers & Distributors Pvt.Ltd |
||
| 300 | _a11-12p. | ||
| 650 | _aPharmacy | ||
| 942 | _cBK | ||
| 999 |
_c7089 _d7089 |
||